La Democracia de Costa Rica ante el siglo XXI /
El libro es el resultado de la Conferencia Internacional: La Democracia de Costa Rica ante el nuevo siglo, celebrada del 29 al 31 de mayo del 2000, en conmemoración del XXV Aniversario del Instituto de Investigaciones Sociales de la Universidad de Costa Rica. REV/LCL
Αποθηκεύτηκε σε:
| Κύριος συγγραφέας: | |
|---|---|
| Μορφή: | Κείμενο |
| Γλώσσα: | Spanish |
| Έκδοση: |
San José:
Editorial de la Universidad de Costa Rica
|
| Θέματα: | |
| Ετικέτες: |
Προσθήκη ετικέτας
Δεν υπάρχουν, Καταχωρήστε ετικέτα πρώτοι!
|
MARC
| LEADER | 00000 a a2200000 04500 | ||
|---|---|---|---|
| 001 | 29836 | ||
| 003 | cru CIDCACS/IIS | ||
| 005 | 20190108145407.0 | ||
| 008 | 190108b2001 CR ||||| |||| 00| 0 spa d | ||
| 999 | |c 14589 |d 14589 | ||
| 020 | |a 9977676631 | ||
| 040 | |c cru CIDCACS/IIS | ||
| 090 | |a 04.04.02 |b R875d | ||
| 100 | |a Rovira Mas, Jorge | ||
| 245 | |a La Democracia de Costa Rica ante el siglo XXI / |c Jorge Rovira Mas | ||
| 260 | |a San José: |b Editorial de la Universidad de Costa Rica | ||
| 500 | |a También impreso no. de acceso 0002 R875d | ||
| 520 | |a El libro es el resultado de la Conferencia Internacional: La Democracia de Costa Rica ante el nuevo siglo, celebrada del 29 al 31 de mayo del 2000, en conmemoración del XXV Aniversario del Instituto de Investigaciones Sociales de la Universidad de Costa Rica. REV/LCL | ||
| 650 | |a PUB.IIS | ||
| 650 | |a DEMOCRACIA | ||
| 650 | |a ELECCIONES | ||
| 650 | |a CIENCIAS SOCIALES | ||
| 650 | 0 | |a DESARROLLO POLITICO |9 411 | |
| 650 | |2 ENCUESTAS DE OPINION PUBLICA. | ||
| 650 | 0 | |a PROBLEMAS SOCIALES |9 839 | |
| 942 | |2 ddc |c LI |h 04.04.02 R875d |i 12632 |6 04_040000000000000_02_R875D_12632 | ||



